Architectural and sculptural (Record no. 975369)

MARC details
000 -LEADER
fixed length control field 00875nam a2200265Ia 4500
003 - CONTROL NUMBER IDENTIFIER
control field OSt
005 - DATE AND TIME OF LATEST TRANSACTION
control field 20221005065903.0
008 - FIXED-LENGTH DATA ELEMENTS--GENERAL INFORMATION
fixed length control field 221004b |||||||| |||| 00| 0 eng d
020 ## - INTERNATIONAL STANDARD BOOK NUMBER
International Standard Book Number 8172763239
037 ## - SOURCE OF ACQUISITION
Terms of availability Textual
040 ## - CATALOGING SOURCE
Original cataloging agency CRL
Transcribing agency CRL
Language of cataloging eng
041 ## - LANGUAGE CODE
Source of code eng
Language code of text/sound track or separate title eng
100 ## - MAIN ENTRY--PERSONAL NAME
Personal name Batabyal Balarka
9 (RLIN) 605088
245 #0 - TITLE STATEMENT
Title Architectural and sculptural
Remainder of title Imagery of Lauriya - Nandangarh
260 ## - PUBLICATION, DISTRIBUTION, ETC.
Place of publication, distribution, etc. Mumbai
Name of publisher, distributor, etc. Bharatiya Vidya Bhavan India
Date of publication, distribution, etc. 2003
300 ## - PHYSICAL DESCRIPTION
Extent 90p.
Dimensions cm.
650 ## - SUBJECT ADDED ENTRY--TOPICAL TERM
Topical term or geographic name entry element ARTS
650 ## - SUBJECT ADDED ENTRY--TOPICAL TERM
Topical term or geographic name entry element ARCHITECTURE - LAURIYA
9 (RLIN) 605089
942 ## - ADDED ENTRY ELEMENTS (KOHA)
Classification part NA447372,C, P3
Koha item type Textual
Source of classification or shelving scheme
Holdings
Withdrawn status Lost status Damaged status Not for loan Home library Current library Date acquired Source of acquisition Cost, normal purchase price Total Checkouts Full call number Barcode Date last seen Cost, replacement price Price effective from Koha item type
        Central Library Central Library 2022-10-05 111154, 27/03/2006, Munshiram manoharlal Publishers Pvt Ltd 150.00   NA447372,C P3 CL1383013 2022-10-05 150.00 2022-10-05 Textual
Copyright @ Delhi University Library System